000 05377nam a2200481Ia 4500
001 dia_4759
003 CHAP
005 20241010134011.0
007 ta
008 220117s2011 mx ado frm 001 0 spa d
010 _a175516
040 _cCHAP
_amxchpua
_erda
041 0 _aspa
_beng
090 _aTesis V37 2011
_bV37
_c2011
100 1 _aVásquez Maya, Isabel Irene
245 1 0 _aContenido de antocianinas y potencial antioxidante en Chile Guajillo (Capsicum annuum L.) /
_cIsabel Irene Vásquez Maya
264 _aChapingo, México :
_bEl autor,
_c2011
300 _aiv, 48 hojas :
_bilustraciones, gráficas, tablas, fotos +
_e1 CD-ROM
336 _2rdacontent,
_atexto
_btxt
337 _2rdamedia
_ano mediado
_bn
338 _2rdacarrier
_avolumen
_bnc
500 _aEl CD contiene reporte
502 _aTesis
_b(Ingeniero Agroindustrial) --
_cUACh. Departamento de Ingeniería Agroindustrial,
_d2011
504 _aBibliografía: hojas 44-47
520 3 _aEl objetivo del presente trabajo fue estudiar el contenido de antocianinas y potencial antioxidante en chile guajillo para lo cual se evaluaron algunas variables como el ácido ascórbico, fenoles totales, antocianinas, color y actividad antioxidante. El experimento se realizó en el departamento de Fitotecnia de la Universidad Autónoma Chapingo, México, con frutos secos de chile guajillo (Capsicum annum L.). El material vegetativo consistió en 30 colectas de chile guajillo, provenientes de los estados de Durango y Zacatecas. El análisis estadístico que se realizó fue mediante la prueba de Tukey (p? 0.05), usando el paquete estadístico SAS. Para la evaluación de cada variable se utilizaron tres repeticiones de cada colecta, la unidad experimental consistió en tres chiles. Los datos se analizaron bajo un diseño completamente al azar. Además los resultados se sometieron a un análisis multivariado de datos para obtener grupos de colectas con características semejantes. En color (hue) la colecta 19 que viene de Zacatecas, tiene el valor más alto y la 25 de Zacatecas con el valor más bajo. En cuanto en croma y luminosidad todas las colectas fueron estadísticamente iguales. En contenido de fenoles las colectas 8, 13, 20, 21, 24, 25, 26, y 27 son las que presentaron valores más altos, y la 3 fue el valor más bajo. Las colectas 19 y 25 presentaron altos contenidos de acido ascórbico que proceden de Zacatecas y las colectas 4, 29 y 30 con valores más bajos procedentes de Durango y Zacatecas. Las colectas con mayor capacidad antioxidante fueron 12, 14 y 16 provenientes de Durango y Zacatecas y la 28 con menor capacidad antioxidante que proviene de Zacatecas. En cuanto al contenido de antocianinas las colectas 1, 9, 17 y 21 presentaron los valores más altos originarios de Durango y Zacatecas y la colecta 22 de Zacatecas con el valor más bajo. --
520 3 _aThe objective of the present work was to study the anthocyanin content and antioxidant potential in guajillo pepper for which variables such as ascorbic acid, total phenols, anthocyanin color and antioxidant activity were evaluated. The experiment was fulfilled in the crop sciences department in the University of Chapingo, Mexico with dried fruits of guajillo pepper (Capsicum annum L.). The vegetative material consisted of 30 collections of guajillo pepper, from the states of Durango and Zacatecas. The statistical analysis was made by means of the Tukey test (p? 0.05), using the statistical package SAS. For the evaluation of every variable three repetitions of every collection were used, the experimental unit consisted of three peppers. The data was analyzed under a completely random design. These results were also subjected to multivariate analysis of data to obtain collection groups with similar characteristics. Collection 19 has the highest value in color (hue) and collection 25 has the lowest value both come from Zacatecas. Referring to chroma and luminosity all the collections were statistically equal. In Collections 8, 13, 20, 21, 24, 25, 26, and 27 contained higher values of phenols, and collection 3 had the lowest value. Collections 19 and 25 presented high content of ascorbic acid that come from Zacatecas and collections 4, 29 and 30 contained lower values which come from Durango and Zacatecas. The collections with the highest antioxidant capacity were 12, 14 and 16 from Durango and Zacatecas, and collection 28 had lower antioxidant capacity from Zacatecas. Collections 1, 9, 17 and 21 presented the highest values from Durango and Zacatecas, and the collection 22 from Zacatecas with the lowest value containing anthocyanin.
650 1 3 _aActividad antioxidante
_2atg
650 1 3 _aAntocianinas
_2atg
650 1 3 _aCapsicum annuum
_xActividad antioxidante
_2atg
650 1 3 _aFenoles
_2atg
650 1 3 _aAnthocyanins
_2atg
650 1 3 _aPhenols
_2atg
650 1 3 _aCapsicum annuum
_xAntioxidant activity
_2atg
700 1 _aMartínez Damián, María Teresa
_edirectora
700 1 _aMoreno Pérez, Esau del Carmen
_easesor
700 1 _aValle Guadarrama, Salvador
_easesor
856 4 1 _uhttp://10.13.5.2/tesis/114213.pdf
_yDESCARGAR PDF
901 _aTESIS V37 2011
902 _aM
905 _a5232272011 mx dinl8223223322spa16
942 _cTESIS
_2Clasificación Universidad Autónoma Chapingo
999 _c175516
_d175516